MyGZULibrary

Media, children, and the family : (Record no. 2438)

MARC details
000 -LEADER
fixed length control field 01463cam a2200361 a 4500
001 - CONTROL NUMBER
control field 636412
003 - CONTROL NUMBER IDENTIFIER
control field GZU
005 - DATE AND TIME OF LATEST TRANSACTION
control field 20201030090946.0
008 - FIXED-LENGTH DATA ELEMENTS--GENERAL INFORMATION
fixed length control field 931013s1994 njua b 101 0 eng
010 ## - LIBRARY OF CONGRESS CONTROL NUMBER
LC control number 93040758
020 ## - INTERNATIONAL STANDARD BOOK NUMBER
International Standard Book Number 0805812105 (alk. paper)
020 ## - INTERNATIONAL STANDARD BOOK NUMBER
International Standard Book Number 0805814159 (pbk. : alk. paper)
040 ## - CATALOGING SOURCE
Original cataloging agency DLC
Transcribing agency DLC
Modifying agency DLC
050 00 - LIBRARY OF CONGRESS CALL NUMBER
Classification number HM258
Item number .M3743 1994
082 00 - DEWEY DECIMAL CLASSIFICATION NUMBER
Classification number 302.23
Edition number 20
245 00 - TITLE STATEMENT
Title Media, children, and the family :
Remainder of title social scientific, psychodynamic, and clinical perspectives /
Statement of responsibility, etc. edited by Dolf Zillmann, Jennings Bryant, Aletha C. Huston.
260 ## - PUBLICATION, DISTRIBUTION, ETC.
Place of publication, distribution, etc. Hillsdale, N.J. :
Name of publisher, distributor, etc. Erlbaum,
Date of publication, distribution, etc. 1994.
300 ## - PHYSICAL DESCRIPTION
Extent xiii, 351 p. :
Other physical details ill. ;
Dimensions 24 cm.
440 #0 - SERIES STATEMENT/ADDED ENTRY--TITLE
Title LEA's communication series
504 ## - BIBLIOGRAPHY, ETC. NOTE
Bibliography, etc. note Includes bibliographical references and indexes.
650 #0 - SUBJECT ADDED ENTRY--TOPICAL TERM
Topical term or geographic name entry element Mass media
Geographic subdivision Social aspects
Form subdivision Congresses.
650 #0 - SUBJECT ADDED ENTRY--TOPICAL TERM
Topical term or geographic name entry element Mass media and families
Form subdivision Congresses.
650 #0 - SUBJECT ADDED ENTRY--TOPICAL TERM
Topical term or geographic name entry element Mass media and children
Form subdivision Congresses.
650 #0 - SUBJECT ADDED ENTRY--TOPICAL TERM
Topical term or geographic name entry element Television broadcasting
General subdivision Social aspects
Form subdivision Congresses.
650 #0 - SUBJECT ADDED ENTRY--TOPICAL TERM
Topical term or geographic name entry element Pornography
General subdivision Social aspects
Form subdivision Congresses.
700 1# - ADDED ENTRY--PERSONAL NAME
Personal name Zillmann, Dolf.
700 1# - ADDED ENTRY--PERSONAL NAME
Personal name Bryant, Jennings.
700 1# - ADDED ENTRY--PERSONAL NAME
Personal name Huston, Aletha C.
856 42 - ELECTRONIC LOCATION AND ACCESS
Materials specified Publisher description
Uniform Resource Identifier <a href="http://www.loc.gov/catdir/enhancements/fy0745/93040758-d.html">http://www.loc.gov/catdir/enhancements/fy0745/93040758-d.html</a>
906 ## - LOCAL DATA ELEMENT F, LDF (RLIN)
a 7
b cbc
c orignew
d 1
e ocip
f 19
g y-gencatlg
942 ## - ADDED ENTRY ELEMENTS (KOHA)
Source of classification or shelving scheme Library of Congress Classification
Koha item type Books
Classification part 258
Item part ZIL
Call number prefix HM
Holdings
Withdrawn status Lost status Damaged status Not for loan Collection code Home library Current library Shelving location Date acquired Inventory number Total Checkouts Full call number Barcode Date last seen Copy number Koha item type Price effective from
        Non-fiction City Campus Library City Campus Library General Stacks 10/30/2020 B018266   HM 258 ZIL 1994 B018266 10/30/2020 c.1 Books  
          City Campus Library City Campus Library General Stacks 11/05/2020     HM 258 ZIL 1994 B017581 11/05/2020 c.2 Books  
        Non-fiction Mashava Campus Library Mashava Campus Library General Stacks 05/12/2021     HM261PRI1992 B015733 05/12/2021 c.3 Books 05/12/2021